000 00282nam a2200109Ia 4500
008 171204s9999 xx 000 0 und d
245 _aAutoCAD For Dummies:
245 _cBill Fane
260 _c2016
650 _x3D MODELING
856 _uhttp://down.ebook777.com/032/1119255791.pdf
999 _c346237
_d346237